000
00280nam a2200121Ia 4500
008
190216s9999||||xx |||||||||||||| ||und||
100
_a
Saddam Hussein
245
0
_a
Charithram Ningalk Siksha Vidikkum
260
_b
Ila Books
300
_a
96
650
_a
Malayalam
942
_c
BK
999
_c
28771
_d
28771